000
00230nam a22000857a 4500
008
161206b xxu||||| |||| 00| 0 eng d
100
_9
1841
_a
Gupta. k. k
245
_a
Science and technology -8
260
_a
New delhi
_b
Frank brothers
_c
2006
999
_c
4585
_d
4585